000 00307nam a22001337a 4500
008 170605b xxu||||| |||| 00| 0 eng d
020 _a0292760272
041 _aeng
080 _a94
100 _a18
101 _aSHH
245 _aORAL HISTORY A GUIDE FOR TEACHER
_cSITTON.TH
942 _2udc
_cBK
999 _c15945
_d15945